| 000 | | | 05782cmc2a2200313#x 450 |
| 001 | | | 3a14ed37-85d1-4226-8829-6afbeff6c3c5 |
| 005 | | | 20231011122436.0 |
| 100 | ## | $a | 20160331l18291865k y0rusy50 ca |
| 101 | 0# | $a | rus |
| 102 | ## | $a | RU |
| 105 | ## | $a | y z |||e| |
| 122 | 2# | $a | d18290424## |
| | $a | d18650424## |
| 200 | 1# | $a | Письма Адлерберга В. Ф., Милютина Д. А. и других Муравьеву М. Н. с извещениями о назначении его на новые должности, с выражением благодарности за выполнение поручений и размере жалованья |
| | $e | 24 апреля 1829 - 24 апреля 1865 |
| | $j | 1829-1865 |
| 215 | ## | $a | 153 листа |
| 251 | ## | $c | Дело |
| 300 | ## | $a | Заголовок дела на папке: Письма Адлерберга В. Ф., Милютина Д. А. и других Муравьеву М. Н. |
| 300 | ## | $a | Листы: 80-82, 98, 98а, 104-105, 117-118, 132-138 - печатные издания; 11, 19, 32, 34-36, 51, 59, 78 (3,8 см), 97, 124 - надрывы по правому краю; 51, 59, 139 - надрывы по нижнему краю; 23об, 46об - чернильные пятна |
| 300 | ## | $a | Часть текста рукописная, часть - напечатана типографским способом |
| 324 | ## | $a | В деле имеются копии отдельных документов |
| 330 | ## | $a | Входит в раздел описи: Личные документы Муравьева Михаила Николаевича. |
| 461 | #0 | $1 | 001c2c6c6a4-a01e-4d13-acb7-e6a0c9078d03 |
| | $1 | 2001 |
| | $a | МУРАВЬЕВ МИХАИЛ НИКОЛАЕВИЧ, ГРАФ, ГЕНЕРАЛ ОТ ИНФАНТЕРИИ, ДИРЕКТОР ДЕПАРТАМЕНТА РАЗНЫХ ПОДАТЕЙ И СБОРОВ, ЧЛЕН ГОСУДАРСТВЕННОГО СОВЕТА, МИНИСТР ГОСУДАРСТВЕННЫХ ИМУЩЕСТВ (1857-1862 гг.), ВОЕННЫЙ ГЕНЕРАЛ-ГУБЕРНАТОР ВИЛЕНСКОЙ ГУБЕРНИИ (1863 г.) |
| | $1 | 251 |
| | $c | Фонд |
| | $1 | 852 |
| | $j | 811 |
| 462 | #0 | $1 | 00164fda34d-2ca7-44fe-ab14-22f23de5401d |
| | $1 | 2001 |
| | $a | Опись дел фонда М. Н. Муравьева за 1825-1897 гг. |
| | $v | Д. 4 |
| | $1 | 251 |
| | $c | Опись |
| | $1 | 852 |
| | $j | 1 |
| 517 | 1# | $a | Письма Адлерберга В. Ф., Милютина Д. А. и других Муравьеву М. Н. |
| 600 | #1 | $a | Муравьев |
| | $b | М.Н. |
| | $f | 1796 – 1866 |
| | $g | Михаил Николаевич |
| | $j | Документы и материалы |
| | $2 | prlib_sh |
| | $3 | LIBNET\UAF\0000064173 |
| | $x | Назначения |
| 801 | #0 | $a | RU |
| | $b | GA_RF |
| 801 | #1 | $a | RU |
| | $b | НПО Опыт |
| | $c | 20160331 |
| | $2 | rusmarc |
| 801 | #2 | $a | RU |
| | $b | ПБ им. Б.Н. Ельцина |
| | $c | 20160608 |
| | $g | RCR |
| | $2 | rusmarc |
| 852 | ## | $a | ГА РФ |
| | $j | 4 |
| 937 | ## | $d | 76524377 |
| | $h | ПБ |
| 035 | ## | $a | RuPRLIB51037656 |
| 605 | ## | $2 | acquisition_Prlib |
| | $3 | DITM\AF\0000002775 |
| | $a | Власть |
| | $l | коллекция |
| 605 | ## | $a | М. Н. Муравьев |
| | $l | коллекция |
| | $2 | acquisition_Prlib |
| | $3 | LIBNET\UAF\0000064007 |
| 605 | ## | $a | Управление делами Президента Российской Федерации: история и современность |
| | $l | коллекция |
| | $2 | acquisition_Prlib |
| | $3 | LIBNET\UAF\0000108230 |
| 686 | ## | $2 | rubbk |
| | $a | 63.3(2)52ю1 |
| | $v | LBC/M |
| 856 | 4# | $u | http://www.prlib.ru/Lib/pages/item.aspx?itemid=141135 |